000 00266nam a22001097a 4500
008 170125b xxu||||| |||| 00| 0 eng d
020 _a9780721651699
041 _aeng
080 _a618.2
245 _aTHE PHYSICIAN ASSISTANT MEDICAL HANDBOOK
_cLABUS
942 _2udc
_cBK
999 _c3561
_d3561